Statistics for Guess the valid country.

Click here to take the quiz!

General Stats

  • This quiz has been taken 46 times
  • The average score is 12 of 15

Answer Stats

Hintcountry% Correct
This country has the number 1 romantic city.France.
98%
This country borders USA and has many goldmines.Canada
95%
This country has an city that is in asia and europe.Turkey
95%
This country has the biggest mountain in the world.Nepal
90%
This country represents the vampyre.Romania
90%
This country has the biggest city in the world (by population).Japan
88%
This country is the coldest country.Russia
88%
This country has the most islands in the world.Sweden
88%
This country is the happiest country in the world.Finland
83%
This country has the biggest trees growing.United States.
83%
This country borders Lithuania, Russia, Ukraine and Poland.Belarus
80%
This country is the youngest.South Sudan.
76%
This country has the oldest flag still in use.Denmark
68%
This country has invented nokia.India
41%
This country is the dryest country.Chile
34%

Score Distribution

Percentile by Number Answered

Percent of People with Each Score

Your Score History

You have not taken this quiz